00817cam a22002414a 4500001000800000005001700008008004100025010001700066020002800083040001800111042000800129050002300137082002100160100002300181245010700204260003400311300003300345440003500378504006600413650004900479650002000528700002700548356334020230322140814.0981218s1999 nyua 001 0 eng  a 98052346  a1852330961 (alk. paper) aDLCcDLCdDLC apcc00aTL574.S7bL47 199900a629.132221bLIN1 aLind, Rick,d1968-10aRobust aeroservoelastic stability analysis :bflight test applications /cRick Lind and Marty Brenner. aNew York :bSpringer,cc1999. axv, 204 p. :bill. ;c24 cm. 0aAdvances in industrial control aIncludes bibliographical references (p. [197]-204) and index. 0aStability of airplanesxMathematical models. 0aAeroelasticity.1 aBrenner, Marty,d1955-